[Event "Ch team"]
[Site "Saratov"]
[Date "1989.??.??"]
[Round "?"]
[White "Tseshkovsky, Vitaly V"]
[Black "Starosek, Konstantin"]
[Result "1-0"]
[WhiteElo "2520"]
[BlackElo "2465"]
[PlyCount "103"]
[EventDate "1989.??.??"]
[Source "www.chesslib.no"]
[SourceDate "2004.05.04"]

1. e4 c5 2. Nf3 Nc6 3. Bb5 g6 4. O-O Bg7 5. Re1 e5 6. b4 cxb4 7. a3 b3 8. c4 Nge7 9. d3 O-O 10. Qxb3 d6 11. Nbd2 h6 12. Bb2 g5 13. Bxc6 Nxc6 14. Nf1 f5 15. c5+ Kh8 16. exf5 g4 17. N3d2 dxc5 18. Ng3 b6 19. Nh5 Bxf5 20. Nxg7 Kxg7 21. Nc4 Qxd3 22. Qa4 Qd7 23. Rad1 Nd4 24. Qxd7+ Bxd7 25. Nxe5 Bf5 26. f3 gxf3 27. Nxf3 Rae8 28. Rf1 Bg4 29. Nxd4 Rxf1+ 30. Rxf1 cxd4 31. Bxd4+ Kg8 32. h3 Bd7 33. Rf3 Re7 34. Rg3+ Kh7 35. Rc3 Bf5 36. g4 Be6 37. Kh2 Rd7 38. Be5 Re7 39. Bf4 Bd5 40. Kg3 Bb7 41. Rd3 Bc8 42. Rd8 Bd7 43. Bd6 Rf7 44. Be5 Re7 45. Bf6 Rf7 46. Bb2 Bc6 47. Rd6 Rf3+ 48. Kh4 Bb5 49. Bc1 Bf1 50. Rxh6+ Kg7 51. Kg5 Rxh3 52. Bb2+ 1-0

[Event "Ch (1/2 final)"]
[Site "Lvov UKR"]
[Date "1973.??.??"]
[Round "?"]
[White "Kapengut, Albert Z"]
[Black "Zaltsman, Vitaly F"]
[Result "1/2-1/2"]
[WhiteElo "2485"]
[BlackElo "2440"]
[PlyCount "97"]
[EventDate "1973.??.??"]
[Source "www.chesslib.no"]
[SourceDate "2004.05.04"]

1. e4 c5 2. Nf3 Nc6 3. Bb5 g6 4. O-O Bg7 5. Re1 e5 6. b4 Nxb4 7. Bb2 a6 8. a3 axb5 9. axb4 Rxa1 10. Bxa1 d6 11. bxc5 Ne7 12. d4 dxc5 13. dxc5 Qxd1 14. Rxd1 Nc6 15. Na3 b4 16. Nc4 f6 17. c3 b3 18. Nfd2 Be6 19. Nb6 Bh6 20. c4 Bxd2 21. Rxd2 Na5 22. f4 exf4 23. Bxf6 O-O 24. Bc3 Nxc4 25. Nxc4 Bxc4 26. Rd7 Re8 27. Rxb7 Rxe4 28. c6 Be6 29. c7 Rc4 30. Be5 g5 31. h3 Rc2 32. Kf1 f3 33. gxf3 Bxh3+ 34. Ke1 Be6 35. Bf6 h6 36. Kd1 g4 37. fxg4 Bxg4+ 38. Ke1 Be6 39. Kd1 h5 40. Ke1 Kf8 41. Kd1 Kg8 42. Ke1 h4 43. c8=Q+ Bxc8 44. Rxb3 h3 45. Be5 h2 46. Bxh2 Rxh2 47. Rb8 Rc2 48. Kd1 Rc4 49. Kd2 1/2-1/2

[Event "Bodensee-Cup 6th"]
[Site "?"]
[Date "2000.??.??"]
[Round "?"]
[White "Grund Holger"]
[Black "Renner Christoph"]
[Result "0-1"]
[WhiteElo "2482"]
[BlackElo "2442"]
[PlyCount "46"]
[EventDate "2000.??.??"]
[Source "www.chesslib.no"]
[SourceDate "2004.05.04"]

1. e4 c5 2. Nf3 Nc6 3. Bb5 g6 4. O-O Bg7 5. Re1 e5 6. b4 cxb4 7. a3 Nge7 8. axb4 O-O 9. d3 d6 10. c3 h6 11. Bc4 Kh7 12. Qb3 f5 13. Nbd2 g5 14. Nf1 f4 15. Qa2 Ng6 16. b5 Nce7 17. Ba3 g4 18. N3d2 Nh4 19. Be6 Neg6 20. Red1 Nxg2 21. Kxg2 Qh4 22. f3 Qh3+ 23. Kf2 Bxe6 0-1

[Event "Netanya"]
[Site "Netanya ISR"]
[Date "1971.??.??"]
[Round "6"]
[White "Bisguier, Arthur B"]
[Black "Kagan, Shimon"]
[Result "1/2-1/2"]
[WhiteElo "2470"]
[BlackElo "2400"]
[PlyCount "82"]
[EventDate "1971.06.??"]
[Source "www.chesslib.no"]
[SourceDate "2004.05.04"]

1. e4 c5 2. Nf3 Nc6 3. Bb5 g6 4. O-O Bg7 5. Re1 e5 6. b4 Nxb4 7. c3 Nc6 8. d4 cxd4 9. cxd4 exd4 10. Nbd2 Nge7 11. Nc4 O-O 12. Nd6 a6 13. Bc4 Qc7 14. Bf4 Ne5 15. Bxe5 Bxe5 16. Nxe5 Qxd6 17. Nxf7 Qc5 18. Rc1 Kg7 19. Qd2 Ng8 20. Bb3 Qb6 21. Ne5 d6 22. Nf3 Bd7 23. Nxd4 Nf6 24. Rb1 Qd8 25. f3 Rc8 26. Be6 b5 27. Rbd1 Re8 28. Bxd7 Qxd7 29. Kh1 Rc4 30. Qg5 Rc5 31. Nf5+ Kf7 32. Rxd6 Qxf5 33. Rxf6+ Qxf6 34. Qxc5 Qe6 35. Qf2 Kg8 36. h4 b4 37. Rd1 a5 38. Qa7 Qxa2 39. Rd7 Qa1+ 40. Kh2 Qe5+ 41. Kh3 Rf8 1/2-1/2

[Event "Nice FRA"]
[Site "?"]
[Date "1974.06.22"]
[Round "8"]
[White "Castro Rojas Oscar Humberto C"]
[Black "Liberzon Vladimir ISR"]
[Result "1/2-1/2"]
[WhiteElo "2330"]
[BlackElo "2515"]
[PlyCount "63"]
[EventDate "1974.??.??"]
[Source "www.chesslib.no"]
[SourceDate "2004.05.04"]

1. e4 c5 2. Nf3 Nc6 3. Bb5 g6 4. O-O Bg7 5. Re1 e5 6. b4 cxb4 7. a3 Nge7 8. axb4 O-O 9. Ba3 Rb8 10. c4 d6 11. h3 a6 12. Ba4 b5 13. cxb5 axb5 14. Bb3 d5 15. Nc3 dxe4 16. Nxe4 Nd5 17. Rc1 Ndxb4 18. Nfg5 Rb7 19. Re3 h6 20. Bxb4 Nxb4 21. Rxc8 Qxc8 22. Nd6 Qc6 23. Ngxf7 Rbxf7 24. Nxf7 Rxf7 25. Rc3 Qd7 26. Qf3 e4 27. Qxe4 Bxc3 28. dxc3 Kg7 29. Bxf7 Qd1+ 30. Kh2 Qd6+ 31. g3 Kxf7 32. cxb4 1/2-1/2

[Event "Reggio Emilia 7576"]
[Site "Reggio Emilia ITA"]
[Date "1975.??.??"]
[Round "7"]
[White "Ciric, Dragoljub M"]
[Black "Toth, Bela"]
[Result "1/2-1/2"]
[WhiteElo "2460"]
[BlackElo "2375"]
[PlyCount "49"]
[EventDate "1975.12.??"]
[Source "www.chesslib.no"]
[SourceDate "2004.05.04"]

1. e4 c5 2. Nf3 Nc6 3. Bb5 g6 4. O-O Bg7 5. Re1 e5 6. b4 cxb4 7. a3 Nge7 8. axb4 O-O 9. Bb2 Qc7 10. Ra4 d5 11. exd5 Nxd5 12. Bf1 Bg4 13. b5 Nd4 14. Bxd4 exd4 15. h3 Nb6 16. Ra1 Bxf3 17. Qxf3 Qxc2 18. Qxb7 Nc4 19. Rxa7 Rxa7 20. Qxa7 Nxd2 21. Nxd2 Qxd2 22. Re7 Qc1 23. Rd7 Be5 24. b6 Qc6 25. Qb7 1/2-1/2

[Event "AUS Ch playoff"]
[Site "Australia"]
[Date "1978.05.??"]
[Round "2"]
[White "Fuller, Maxwell L"]
[Black "Jamieson, Robert M"]
[Result "0-1"]
[WhiteElo "2390"]
[BlackElo "2420"]
[PlyCount "66"]
[EventDate "1978.05.??"]
[Source "www.chesslib.no"]
[SourceDate "2004.05.04"]

1. e4 c5 2. Nf3 Nc6 3. Bb5 g6 4. O-O Bg7 5. Re1 e5 6. b4 cxb4 7. a3 Qa5 8. Bc4 Nge7 9. Bb2 Qc7 10. axb4 Nxb4 11. Na3 a6 12. d4 exd4 13. Bxd4 O-O 14. Bxg7 Kxg7 15. Qd4+ f6 16. e5 Nbc6 17. Qb2 d5 18. exd6 Qxd6 19. Rad1 Qc5 20. Nd4 b5 21. Nxc6 Nxc6 22. Bd5 Bf5 23. c4 Rab8 24. Bxc6 b4 25. Nb5 Qxc6 26. Re7+ Kg8 27. Nd4 Qa4 28. Rde1 Bd3 29. Ne6 Bxc4 30. Rg7+ Kh8 31. Nxf8 Kxg7 32. Qc1 Re8 33. Rxe8 Qxe8 0-1

[Event "Bad Wiessee (28.10.-04.11)"]
[Site "?"]
[Date "2000.11.01"]
[Round "5"]
[White "Naumann Alexander"]
[Black "Menacher Manfred"]
[Result "1-0"]
[WhiteElo "2489"]
[BlackElo "2315"]
[PlyCount "53"]
[EventDate "2000.??.??"]
[Source "www.chesslib.no"]
[SourceDate "2004.05.04"]

1. e4 c5 2. Nf3 Nc6 3. Bb5 g6 4. O-O Bg7 5. Re1 e5 6. b4 cxb4 7. a3 Nge7 8. axb4 O-O 9. c3 d6 10. d3 Qc7 11. Nbd2 h6 12. Ba3 Be6 13. Bc4 Bxc4 14. Nxc4 b5 15. Ne3 Rfd8 16. Qb3 Qb7 17. Bc1 a5 18. bxa5 Nxa5 19. Qb1 d5 20. Ng4 h5 21. Ngxe5 dxe4 22. dxe4 Qc7 23. Bf4 g5 24. Qa2 Nc4 25. Qxa8 Rxa8 26. Rxa8+ Bf8 27. Rxf8+ 1-0

[Event "Olot"]
[Site "Olot"]
[Date "1974.03.17"]
[Round "1"]
[White "Iskov, Gert"]
[Black "Bellon Lopez, Juan Manuel"]
[Result "1/2-1/2"]
[WhiteElo "2380"]
[BlackElo "2400"]
[PlyCount "117"]
[EventDate "1974.03.??"]
[Source "www.chesslib.no"]
[SourceDate "2004.05.04"]

1. e4 c5 2. Nf3 Nc6 3. Bb5 g6 4. O-O Bg7 5. Re1 e5 6. b4 cxb4 7. a3 Nge7 8. Bb2 O-O 9. axb4 d6 10. Bxc6 Nxc6 11. b5 Nb8 12. d4 Bg4 13. dxe5 Nd7 14. Qd3 Bxf3 15. Qxf3 Rc8 16. Qe2 Nxe5 17. Rxa7 Qb6 18. Ra3 Rc5 19. Nc3 Rfc8 20. Nd5 Qd8 21. Ne3 Nc4 22. Nxc4 Rxc4 23. Bxg7 Rxc2 24. Qd1 Kxg7 25. Rf3 Qe7 26. g3 R8c5 27. Qd4+ Qe5 28. Qxe5+ dxe5 29. b6 Rc1 30. Rxc1 Rxc1+ 31. Kg2 Rb1 32. Rc3 Rxb6 33. Rc7 h5 34. h4 Kf6 35. Kh3 Ke6 36. Kg2 Rb2 37. Kf3 b5 38. Rc6+ Kd7 39. Rf6 Ke7 40. Rb6 b4 41. Ke3 b3 42. f4 exf4+ 43. Kxf4 Kf8 44. Rb7 Rb1 45. Kf3 b2 46. Kg2 Ke8 47. e5 Kd8 48. Kh2 Kc8 49. Rb4 Kc7 50. Rb3 Kc6 51. Kg2 Kc5 52. Rb8 Kd4 53. Rd8+ Ke3 54. Rb8 Rd1 55. Rxb2 Rd2+ 56. Rxd2 Kxd2 57. Kf3 Kd3 58. g4 hxg4+ 59. Kxg4 1/2-1/2

[Event "HUN Team Ch"]
[Site "HUN"]
[Date "1992.??.??"]
[Round "8"]
[White "Horvath, Zoltan"]
[Black "Heiligermann, Gabor"]
[Result "1-0"]
[WhiteElo "2350"]
[BlackElo "2325"]
[PlyCount "53"]
[EventDate "1992.??.??"]
[Source "www.chesslib.no"]
[SourceDate "2004.05.04"]

1. e4 c5 2. Nf3 Nc6 3. Bb5 g6 4. O-O Bg7 5. Re1 e5 6. b4 cxb4 7. a3 Nge7 8. axb4 O-O 9. Bb2 Qb6 10. Bxc6 Nxc6 11. Nc3 d6 12. Nd5 Qd8 13. b5 Ne7 14. d4 Nxd5 15. exd5 f6 16. c4 Bg4 17. c5 Re8 18. h3 Bxf3 19. Qxf3 exd4 20. Rxe8+ Qxe8 21. c6 f5 22. Qd3 bxc6 23. dxc6 Qb8 24. Qc4+ Kf8 25. c7 Qc8 26. b6 a6 27. Qc6 1-0

[Event "Barcelone (open)"]
[Site "?"]
[Date "2003.12.22"]
[Round "4"]
[White "Vila Gazquez Xavier"]
[Black "Barrientos Chavarriaga Sergio"]
[Result "0-1"]
[WhiteElo "2261"]
[BlackElo "2377"]
[PlyCount "84"]
[EventDate "2003.??.??"]
[Source "www.chesslib.no"]
[SourceDate "2004.05.04"]

1. e4 c5 2. Nf3 Nc6 3. Bb5 g6 4. O-O Bg7 5. Re1 e5 6. b4 cxb4 7. a3 Nge7 8. axb4 O-O 9. c3 d5 10. exd5 Qxd5 11. c4 Qd8 12. Bb2 Bg4 13. Bc3 a6 14. Ba4 Nf5 15. h3 Bxf3 16. Qxf3 Nfd4 17. Qd1 b5 18. Bb3 Nxb3 19. Qxb3 Qd3 20. Re3 Qxc4 21. Qb2 a5 22. Na3 Qd5 23. Nc2 a4 24. Na3 Bh6 25. Re2 Nd4 26. Bxd4 exd4 27. d3 Rfc8 28. Re4 Bg7 29. Qe2 Rab8 30. Rb1 Qc6 31. Rb2 Qc3 32. Nb1 Qc1+ 33. Kh2 Ra8 34. Na3 Rab8 35. Nb1 h5 36. h4 Qc7+ 37. g3 Qd6 38. Qd2 Rc3 39. Qd1 Rc7 40. Qd2 Rbc8 41. Re2 Qd5 42. Qg5 Qf3 0-1

[Event "Solingen"]
[Site "?"]
[Date "2005.05.26"]
[Round "1.4"]
[White "Kulik David"]
[Black "Van der Weide Karel"]
[Result "0-1"]
[WhiteElo "2090"]
[BlackElo "2472"]
[PlyCount "60"]
[EventDate "2005.??.??"]
[Source "www.chesslib.no"]
[SourceDate "2004.05.04"]

1. e4 c5 2. Nf3 Nc6 3. Bb5 g6 4. O-O Bg7 5. Re1 e5 6. b4 cxb4 7. a3 Nge7 8. axb4 O-O 9. Bb2 d6 10. c3 h6 11. Bxc6 Nxc6 12. b5 Na5 13. Qa4 b6 14. d4 Qc7 15. Na3 Be6 16. Nd2 Rfc8 17. Rac1 h5 18. Nc2 Bh6 19. Ne3 Bxe3 20. fxe3 Nc4 21. Nxc4 Bxc4 22. Ba3 a5 23. bxa6 Rxa6 24. Qb4 b5 25. Ra1 Qb7 26. Bb2 Rca8 27. Rxa6 Rxa6 28. dxe5 dxe5 29. Qc5 Ra2 30. Rb1 Qxe4 0-1

[Event "Staufer op 12th"]
[Site "Schwaebisch Gmuend"]
[Date "2000.??.??"]
[Round "2"]
[White "Grund, Holger"]
[Black "Pohl, Walter"]
[Result "1-0"]
[WhiteElo "2480"]
[BlackElo "2080"]
[PlyCount "75"]
[EventDate "2000.01.02"]
[Source "ChessBase"]
[SourceDate "2000.03.10"]

1. e4 c5 2. Nf3 Nc6 3. Bb5 g6 4. O-O Bg7 5. Re1 e5 6. b4 cxb4 7. a3 Qb6 8. Bxc6 bxc6 9. axb4 Ne7 10. d3 O-O 11. Nbd2 d6 12. Nc4 Qc7 13. Bb2 Bg4 14. h3 Be6 15. Bc3 f6 16. Ra5 d5 17. Nb2 d4 18. Bd2 Rfb8 19. Na4 Rb5 20. Nc5 Bf7 21. Ra6 Nc8 22. c3 dxc3 23. Bxc3 Rb6 24. d4 Bc4 25. Ra5 exd4 26. Nxd4 Nd6 27. Nde6 Qe7 28. Nxg7 Nb5 29. Nf5 gxf5 30. exf5 Nxc3 31. Qg4+ Qg7 32. Qxc4+ Nd5 33. b5 Qf7 34. Ne6 Ne7 35. Qe4 a6 36. bxa6 Rbxa6 37. Rxa6 Rxa6 38. Nd8 1-0

[Event "Oberliga Ost-B 0203"]
[Site "?"]
[Date "2003.02.23"]
[Round "8.4"]
[White "Treffert Peter"]
[Black "Dunsbach Ralf"]
[Result "1-0"]
[WhiteElo "2264"]
[BlackElo "2277"]
[PlyCount "69"]
[EventDate "2003.??.??"]
[Source "www.chesslib.no"]
[SourceDate "2004.05.04"]

1. e4 c5 2. Nf3 Nc6 3. Bb5 g6 4. O-O Bg7 5. Re1 e5 6. b4 cxb4 7. a3 Nge7 8. axb4 O-O 9. Bxc6 dxc6 10. Bb2 Qc7 11. Na3 Be6 12. Ng5 Bd7 13. Qe2 a5 14. bxa5 Rxa5 15. Nc4 Rxa1 16. Rxa1 b5 17. Ne3 Nc8 18. Nf3 Nb6 19. c4 Na4 20. Ba3 Re8 21. Rc1 Qb8 22. cxb5 cxb5 23. Nd5 Nb6 24. Nc7 Rc8 25. Nxb5 Rxc1+ 26. Bxc1 Be6 27. Nc3 Bf8 28. Qb5 f6 29. d3 Qc7 30. Bd2 Kg7 31. h3 Bc5 32. Na4 Nxa4 33. Qxa4 Qb6 34. Be1 Bd7 35. Qxd7+ 1-0

[Event "Budapest HUN"]
[Site "?"]
[Date "2005.06.05"]
[Round "2"]
[White "Brustkern Juergen"]
[Black "Paridar Shadi"]
[Result "1-0"]
[WhiteElo "2258"]
[BlackElo "2263"]
[PlyCount "85"]
[EventDate "2005.??.??"]
[Source "www.chesslib.no"]
[SourceDate "2004.05.04"]

1. e4 c5 2. Nf3 Nc6 3. Bb5 g6 4. O-O Bg7 5. Re1 e5 6. b4 Nxb4 7. Bb2 Qc7 8. c3 Nc6 9. d4 d6 10. dxc5 dxc5 11. Qd5 Nge7 12. Qxc5 O-O 13. Nbd2 b6 14. Qe3 Na5 15. Bd3 h6 16. Rac1 Be6 17. c4 Nec6 18. Nb3 Rab8 19. Nfd2 Rfd8 20. Qg3 Rd7 21. Bf1 Nxb3 22. Nxb3 Nb4 23. a3 Na6 24. Red1 Rxd1 25. Rxd1 Nc5 26. Nd4 Bd7 27. Re1 Re8 28. Nb5 Qb8 29. Bc1 Bxb5 30. cxb5 Qd6 31. Qf3 Qd4 32. Rd1 Qa4 33. Rd5 Nxe4 34. Rd7 Nf6 35. Rc7 Rd8 36. Bxh6 Rd1 37. Bxg7 Kxg7 38. g3 e4 39. Qe2 Ra1 40. Kg2 Rxa3 41. Qc4 Ne8 42. Qxf7+ Kh6 43. Qxe8 1-0

[Event "otb"]
[Site "otb"]
[Date "2007.05.09"]
[Round "5.3"]
[White "Nenov Radoslav"]
[Black "Porjazov Petar"]
[Result "1-0"]
[WhiteElo "2107"]
[BlackElo "2318"]
[PlyCount "91"]
[Source "www.chesslib.no"]
[SourceDate "2004.05.04"]

1. e4 c5 2. Nf3 Nc6 3. Bb5 g6 4. O-O Bg7 5. Re1 e5 6. b4 cxb4 7. a3 bxa3 8. Bxa3 Nge7 9. Bd6 O-O 10. d4 exd4 11. e5 Re8 12. Nbd2 Nf5 13. Nc4 a6 14. g4 Nh4 15. Ncd2 b6 16. Bc4 Na5 17. Rxa5 bxa5 18. Nxh4 Bb7 19. Nhf3 Rc8 20. Bb3 h6 21. Ne4 Qb6 22. g5 h5 23. Qxd4 Qxd4 24. Nxd4 a4 25. Ba2 Red8 26. Nc5 Ba8 27. Nxa6 Rc3 28. Nc7 Bf8 29. Ncb5 Rh3 30. f4 Rh4 31. Ne2 Bf3 32. Kf2 Bxe2 33. Kxe2 Rxf4 34. Rf1 Rxf1 35. Kxf1 Rc8 36. Nc7 Bxd6 37. exd6 Rb8 38. Nd5 Rb2 39. Nf6+ Kg7 40. Bd5 a3 41. Nxd7 a2 42. Bxa2 Rxa2 43. c4 Ra6 44. c5 Rc6 45. Ke2 f5 46. gxf6+ 1-0

[Event "It (Open) Blackpool ENG"]
[Site "?"]
[Date "2006.03.??"]
[Round "1"]
[White "Ashton Adam G"]
[Black "Garnett John S"]
[Result "1-0"]
[WhiteElo "2321"]
[BlackElo "2063"]
[PlyCount "51"]
[EventDate "2006.??.??"]
[Source "www.chesslib.no"]
[SourceDate "2004.05.04"]

1. e4 c5 2. Nf3 Nc6 3. Bb5 g6 4. O-O Bg7 5. Re1 e5 6. b4 cxb4 7. a3 Nge7 8. axb4 O-O 9. Bb2 d6 10. Bxc6 bxc6 11. d4 exd4 12. Bxd4 c5 13. Bxg7 Kxg7 14. Qd2 Qb6 15. bxc5 dxc5 16. Nc3 Be6 17. Nd5 Bxd5 18. exd5 Nf5 19. Rad1 Rfe8 20. Rxe8 Rxe8 21. d6 Rd8 22. d7 Qe6 23. h3 Ne7 24. Qc3+ f6 25. Ng5 Qf5 26. Qe3 1-0

[Event "St Affrique op 7th"]
[Site "?"]
[Date "1999.??.??"]
[Round "6"]
[White "Thereze Ludovic"]
[Black "Perramond Henri Pierre"]
[Result "1-0"]
[WhiteElo "2056"]
[BlackElo "2200"]
[PlyCount "111"]
[EventDate "1999.??.??"]
[Source "www.chesslib.no"]
[SourceDate "2004.05.04"]

1. e4 c5 2. Nf3 Nc6 3. Bb5 g6 4. O-O Bg7 5. Re1 e5 6. b4 cxb4 7. a3 Nge7 8. axb4 O-O 9. c3 d5 10. exd5 Qxd5 11. c4 Qd8 12. Bxc6 Nxc6 13. Bb2 Bg4 14. Nc3 Nd4 15. Nd5 Nxf3+ 16. gxf3 Bh5 17. Bxe5 Qg5+ 18. Bg3 b5 19. Ne7+ Kh8 20. Ra5 a6 21. c5 Rae8 22. h4 Qf6 23. Be5 Qxh4 24. Bxg7+ Kxg7 25. Qa1+ Kh6 26. Qe5 f6 27. Qe3+ Kg7 28. Rxa6 Qh3 29. Qf4 Bxf3 30. Qh2 Qg4+ 31. Qg3 Qh5 32. Qh2 Qg5+ 33. Qg3 Qxd2 34. Rae6 Qg5 35. Qxg5 fxg5 36. Nf5+ Rxf5 37. Rxe8 Rf4 38. R8e3 g4 39. Rc3 Rf6 40. Rec1 Rc6 41. Ra1 h5 42. Ra7+ Kh6 43. Rb7 Be2 44. Rb6 Rc8 45. Re3 Bc4 46. c6 h4 47. Re5 h3 48. Rc5 Re8 49. c7 Re1+ 50. Kh2 Rf1 51. c8=Q Rxf2+ 52. Kg3 Rf3+ 53. Kh4 Kg7 54. Rb7+ Bf7 55. Rc2 g5+ 56. Kxg5 1-0

[Event "Espoo We MatSK op2"]
[Site "?"]
[Date "2002.??.??"]
[Round "4"]
[White "Tuovinen Jukka"]
[Black "Pesola Jyrki"]
[Result "1-0"]
[WhiteElo "2062"]
[BlackElo "2101"]
[PlyCount "107"]
[EventDate "2002.??.??"]
[Source "www.chesslib.no"]
[SourceDate "2004.05.04"]

1. e4 c5 2. Nf3 Nc6 3. Bb5 g6 4. O-O Bg7 5. Re1 e5 6. b4 cxb4 7. a3 Qa5 8. Qe2 Nge7 9. Bb2 b3 10. cxb3 a6 11. Bc4 b5 12. Bd5 Qc7 13. Nc3 O-O 14. Rac1 Bb7 15. b4 Qb6 16. Ba2 Rac8 17. Nd5 Nxd5 18. exd5 Nd4 19. Nxd4 exd4 20. d3 Rxc1 21. Rxc1 h5 22. Qe7 Qd8 23. Qxd8 Rxd8 24. Rc7 Rc8 25. Rxc8+ Bxc8 26. d6 Bb7 27. f4 Bf8 28. Bxd4 Bxd6 29. Be5 Bxe5 30. fxe5 Kf8 31. g3 Ke7 32. Kf2 f6 33. d4 fxe5 34. dxe5 d6 35. exd6+ Kxd6 36. Bf7 Be4 37. Ke3 Bf5 38. Kd4 Bc2 39. Bd5 Bf5 40. Bb7 Kc7 41. Bd5 Kd6 42. h4 Bg4 43. Bb7 Bf5 44. Ke3 Kc7 45. Bf3 Kd6 46. Kf4 Kc7 47. Bxh5 Kb6 48. Kg5 gxh5 49. Kxf5 a5 50. g4 axb4 51. axb4 hxg4 52. Kxg4 Kc6 53. h5 Kd6 54. h6 1-0

[Event "Trondheim"]
[Site "?"]
[Date "2004.05.22"]
[Round "4.2"]
[White "Hammer Jon Ludvig N"]
[Black "Eckhardt Lars H"]
[Result "1-0"]
[WhiteElo "1997"]
[BlackElo "2034"]
[PlyCount "145"]
[EventDate "2004.??.??"]
[Source "www.chesslib.no"]
[SourceDate "2004.05.04"]

1. e4 c5 2. Nf3 Nc6 3. Bb5 g6 4. O-O Bg7 5. Re1 e5 6. b4 cxb4 7. a3 Qa5 8. Bxc6 dxc6 9. Bb2 Bg4 10. h3 Bxf3 11. Qxf3 Ne7 12. Qb3 O-O 13. axb4 Qc7 14. Na3 Rad8 15. d3 Rfe8 16. b5 Qb6 17. Nc4 Qxb5 18. Qc3 c5 19. Rxa7 Nc6 20. Ra2 Qb4 21. Ne3 Ra8 22. Rea1 Rxa2 23. Rxa2 Qxc3 24. Bxc3 Nd4 25. Bxd4 cxd4 26. Nd5 Rb8 27. Rb2 Kf8 28. Nc7 Bf6 29. Kf1 Bd8 30. Nd5 Ke8 31. Ke2 Kd7 32. f4 f6 33. Rb1 Ke6 34. Rb5 Kd6 35. g4 Kc6 36. Rb1 b5 37. g5 fxg5 38. fxe5 Bc7 39. e6 Bd6 40. Ra1 Re8 41. Ra6+ Kc5 42. Nf6 Rxe6 43. Nd7+ Kb4 44. Nf8 Re8 45. Nxh7 Bf4 46. Rxg6 Rc8 47. Kd1 Ra8 48. Nf6 Ra1+ 49. Ke2 Kc3 50. Nd5+ Kxc2 51. Rc6+ Kb3 52. Rb6 Ra2+ 53. Kf3 Rh2 54. Kg4 Kc2 55. Nb4+ Kc3 56. Rxb5 Bd6 57. Nc6 Kxd3 58. Rd5 Bf4 59. Rxd4+ Ke3 60. Ra4 Rg2+ 61. Kf5 Rc2 62. Ne7 Rc5+ 63. Nd5+ Kf3 64. h4 gxh4 65. Ra3+ Kg2 66. Kxf4 h3 67. Ra2+ Kf1 68. Ne3+ Kg1 69. Kg3 Rg5+ 70. Ng4 Rxg4+ 71. Kxg4 h2 72. Kg3 h1=N+ 73. Kf3 1-0

[Event "Molde"]
[Site "?"]
[Date "2004.07.09"]
[Round "8"]
[White "Hammer Jon Ludvig N"]
[Black "Karlsen Terje"]
[Result "0-1"]
[WhiteElo "2041"]
[BlackElo "1972"]
[PlyCount "76"]
[EventDate "2004.??.??"]
[Source "www.chesslib.no"]
[SourceDate "2004.05.04"]

1. e4 c5 2. Nf3 Nc6 3. Bb5 g6 4. O-O Bg7 5. Re1 e5 6. b4 cxb4 7. a3 Nge7 8. axb4 O-O 9. Bb2 d6 10. Bxc6 Nxc6 11. b5 Qb6 12. Ba3 Nd4 13. Nxd4 exd4 14. c4 f5 15. Qb3 Kh8 16. e5 Re8 17. d3 dxe5 18. c5 Qa5 19. Rd1 Bd7 20. Nd2 Qxb5 21. Qc2 Be6 22. Rdb1 Qc6 23. Nc4 Bxc4 24. Qxc4 Bf6 25. Rb5 Re7 26. Bb2 Rd7 27. f4 e4 28. Rb6 axb6 29. Rxa8+ Kg7 30. Rg8+ Kh6 31. h3 Qd5 32. Qxd5 Rxd5 33. g4 exd3 34. g5+ Kh5 35. Kf1 Rd8 36. Bxd4 d2 37. Ke2 Rxd4 38. Kd1 Rd8 0-1

[Event "Corr"]
[Site "?"]
[Date "2000.09.17"]
[Round "?"]
[White "Madsen Michael Ole"]
[Black "Balcazar Novoa Luis Marcos"]
[Result "0-1"]
[WhiteElo "1871"]
[BlackElo "1985"]
[PlyCount "46"]
[EventDate "2000.??.??"]
[Source "www.chesslib.no"]
[SourceDate "2004.05.04"]

1. e4 c5 2. Nf3 Nc6 3. Bb5 g6 4. O-O Bg7 5. Re1 e5 6. b4 cxb4 7. a3 Nge7 8. axb4 O-O 9. Bb2 d6 10. Bxc6 Nxc6 11. b5 Qb6 12. Nc3 Ne7 13. Ba3 Be6 14. Qe2 Rac8 15. Bb4 Bg4 16. Qe3 Bxf3 17. Qxb6 axb6 18. gxf3 Bh6 19. Re2 Rfd8 20. d3 f5 21. Nd1 Kf7 22. c4 Ke6 23. Ra7 Rc7 0-1